00467nam a2200181Ia 450000500170000000800410001702000150005808200130007310000130008610000130009924500670011225000090017926000240018830000140021265000110022665000230023765000250026020240606030027.0240331s9999 xx 000 0 und d a0855981555 bPRYa363 aPryer, J aCrook,N. 0aCities of hunger :burban malnutrition in developing countries a2nd  aOxfordbOxfamc1988 av,112 p., aHunger aUrban Malnutrition aDeveloping Countries